[Event "DSOL 03 Liga Gr-A 1st"]
[Site "Playchess.com INT"]
[Date "2020.07.17"]
[Round "4.2"]
[White "Langer, Michael Sebastian"]
[Black "Roeder, Phillipp"]
[Result "1/2-1/2"]
[WhiteElo "1888"]
[BlackElo "1991"]
[PlyCount "97"]
[EventDate "2020.06.22"]
[EventType "team-tourn (rapid)"]
[EventCountry "GER"]
[SourceTitle "EXT 2021"]
[Source "ChessBase"]
[SourceDate "2020.10.23"]
[SourceVersion "1"]
[SourceVersionDate "2020.10.23"]
[SourceQuality "1"]
[WhiteTeam "Braunschweig Gliesmarode"]
[BlackTeam "Wismar ASV Gruen-Weiss"]
[WhiteTeamCountry "GER"]
[BlackTeamCountry "GER"]

1. Nf3 Nf6 2. c4 c6 3. Nc3 d5 4. e3 g6 5. b3 Bg7 6. Bb2 0-0 7. Be2 Nbd7 8. d4 b6 9. cxd5 cxd5 10. Rc1 a6 11. 0-0 Re8 12. Ne5 Bb7 13. Bf3 e6 14. Nxd7 Qxd7 15. Na4 Qd6 16. Qe2 Nd7 17. Qd2 Bc6 18. Nc3 Rac8 19. Rfd1 b5 20. g3 b4 21. Ne2 Bb5 22. Nf4 a5 23. Nd3 Qa6 24. Be2 Bf8 25. Nf4 Bxe2 26. Qxe2 Qxe2 27. Nxe2 Nb6 28. Rxc8 Rxc8 29. Rc1 Rxc1+ 30. Nxc1 Bd6 31. Nd3 Nd7 32. Kf1 f6 33. f4 Kf7 34. Ke2 h5 35. Kf3 f5 36. Nf2 Nf6 37. Ke2 Ne4 38. Nxe4 fxe4 39. Kf2 Kf6 40. h3 Kf5 41. Kg2 Be7 42. Bc1 g5 43. Bd2 gxf4 44. gxf4 Bh4 45. Kf1 Bg3 46. Kg2 Bh4 47. Kf1 Bf6 48. Ke2 Bh4 49. Kf1 1/2-1/2

[Event "GER Cup Net Final-B U2000"]
[Site "Playchess.com INT"]
[Date "2020.06.06"]
[Round "4"]
[White "Roeder, Phillipp"]
[Black "Radi, Guenter"]
[Result "0-1"]
[WhiteElo "1772"]
[BlackElo "1525"]
[PlyCount "150"]
[EventDate "2020.06.06"]
[EventType "swiss (blitz)"]
[EventRounds "13"]
[EventCountry "GER"]
[SourceTitle "CBM 197 Extra"]
[Source "ChessBase"]
[SourceDate "2020.09.30"]
[SourceVersion "1"]
[SourceVersionDate "2020.09.30"]
[SourceQuality "1"]

1. Nc3 e5 2. e4 d6 3. Bc4 Nf6 4. d3 Be7 5. Nf3 0-0 6. 0-0 Nbd7 7. h3 Nb6 8. Bb3 c5 9. Nd5 Nfxd5 10. exd5 f5 11. c3 Kh8 12. a4 a5 13. Qe2 Bf6 14. Bd2 Bd7 15. Rfe1 Re8 16. Qd1 e4 17. dxe4 fxe4 18. Nh2 Be5 19. Ng4 Bxg4 20. Qxg4 Qf6 21. Bg5 Qg6 22. Bc2 h6 23. Bd2 Qxg4 24. hxg4 Nc4 25. Bc1 e3 26. fxe3 Bg3 27. Re2 Re7 28. b3 Ne5 29. Bd2 Nxg4 30. Bf5 Nf6 31. c4 Rae8 32. Be6 Ne4 33. Rf1 b6 34. Rf3 Nxd2 35. Rxd2 Be5 36. Rdf2 Bf6 37. Kf1 Rf8 38. Ke2 Ree8 39. Kd3 Be7 40. Rxf8+ Rxf8 41. Rxf8+ Bxf8 42. Ke4 g6 43. Bf7 Kg7 44. Be8 Kf6 45. Kf4 h5 46. e4 Bh6+ 47. Kf3 h4 48. Kg4 g5 49. Kh5 Bf8 50. Bd7 Be7 51. Kg4 Ke5 52. Bf5 Kd4 53. Kh5 Kc3 54. Bd7 Kxb3 55. Bb5 Kc3 56. Kg6 Kd4 57. Kf7 Bd8 58. Ke8 Bf6 59. Kf7 Be5 60. Kg6 g4 61. Bd7 h3 62. gxh3 gxh3 63. Bxh3 Kxc4 64. Bd7 Kb3 65. Kf5 c4 66. Bb5 c3 67. Bd3 c2 68. Bxc2+ Kxc2 69. Ke6 Kb3 70. Kd7 Kxa4 71. Kc6 Kb4 72. Kxb6 a4 73. Kc6 a3 74. Kd7 a2 75. Ke6 a1Q 0-1

[Event "GER Cup Net Final-B U2000"]
[Site "Playchess.com INT"]
[Date "2020.06.06"]
[Round "11"]
[White "Roeder, Phillipp"]
[Black "Rempe, Jonas"]
[Result "1/2-1/2"]
[WhiteElo "1716"]
[BlackElo "1711"]
[PlyCount "105"]
[EventDate "2020.06.06"]
[EventType "swiss (blitz)"]
[EventRounds "13"]
[EventCountry "GER"]
[SourceTitle "CBM 197 Extra"]
[Source "ChessBase"]
[SourceDate "2020.09.30"]
[SourceVersion "1"]
[SourceVersionDate "2020.09.30"]
[SourceQuality "1"]

1. Nc3 Nf6 2. e4 e5 3. f4 exf4 4. e5 Ng8 5. Nf3 d6 6. d4 dxe5 7. dxe5 Qxd1+ 8. Nxd1 Nc6 9. Bb5 Bd7 10. Bxf4 0-0-0 11. 0-0 Bc5+ 12. Be3 Bxe3+ 13. Nxe3 Nh6 14. c3 Nxe5 15. Nxe5 Bxb5 16. c4 Be8 17. Rad1 Rxd1 18. Rxd1 f6 19. Nf3 Bh5 20. Rd3 Rd8 21. Rxd8+ Kxd8 22. Nd4 Ke7 23. Nb5 c6 24. Nxa7 Kd7 25. b4 Kc7 26. b5 Ng4 27. Nf5 Bg6 28. Nd4 Ne5 29. Ne6+ Kb8 30. bxc6 bxc6 31. Nb5 cxb5 32. cxb5 Bf7 33. Nxg7 Bxa2 34. Nh5 Nd7 35. Kf2 Bd5 36. g3 Kb7 37. Ke3 Kb6 38. Kd4 Bf7 39. Nf4 Kxb5 40. Ke4 Bg6+ 41. Kd5 Nf8 42. Kd6 Bf5 43. Ke7 Nd7 44. Nd5 Kc5 45. Nxf6 Nxf6 46. Kxf6 Bb1 47. g4 Kd5 48. h4 Ke4 49. g5 Kf4 50. h5 Kg4 51. g6 Bxg6 52. hxg6 hxg6 53. Kxg6 1/2-1/2

[Event "GER Cup Net V3 U2000"]
[Site "Playchess.com INT"]
[Date "2020.05.27"]
[Round "6"]
[White "Roeder, Phillipp"]
[Black "Hertel, Marco"]
[Result "0-1"]
[WhiteElo "1722"]
[BlackElo "1778"]
[PlyCount "120"]
[EventDate "2020.05.27"]
[EventType "swiss (blitz)"]
[EventRounds "9"]
[EventCountry "GER"]
[SourceTitle "EXT 2021"]
[Source "ChessBase"]
[SourceDate "2020.10.23"]
[SourceVersion "1"]
[SourceVersionDate "2020.10.23"]
[SourceQuality "1"]

1. Nc3 e6 2. e4 c6 3. d4 d5 4. e5 f6 5. f4 Bb4 6. Nf3 Ne7 7. Bd3 f5 8. a3 Bxc3+ 9. bxc3 0-0 10. h3 b6 11. g4 Ba6 12. Ng5 Bxd3 13. Nxe6 Qc8 14. Nxf8 Be4 15. 0-0 Qxf8 16. a4 Nd7 17. Ba3 Qf7 18. Qd2 c5 19. a5 Nc6 20. a6 Na5 21. Qf2 fxg4 22. hxg4 Qg6 23. g5 h6 24. Qg3 Rf8 25. dxc5 Nc4 26. c6 Nxa3 27. cxd7 Nxc2 28. Ra2 hxg5 29. fxg5 Rxf1+ 30. Kxf1 Qf5+ 31. Qf2 Bd3+ 32. Kg1 Qg4+ 33. Kh2 Qxd7 34. Rxc2 Bxc2 35. Qxc2 Qe6 36. Qe2 Kf7 37. Qf3+ Ke7 38. Qf4 Qg6 39. Kg3 Qd3+ 40. Kg4 Qe2+ 41. Kg3 Qe1+ 42. Qf2 Qxc3+ 43. Kg4 Qxe5 44. g6 Qe6+ 45. Kh5 d4 46. Qxd4 Qf5+ 47. Kh4 Qf6+ 48. Qxf6+ Kxf6 49. Kg4 Kxg6 50. Kf4 Kf6 51. Ke4 Ke6 52. Kd4 g5 53. Kc4 g4 54. Kb5 g3 55. Kc6 g2 56. Kb7 g1Q 57. Kxa7 b5+ 58. Kb7 b4 59. a7 Qxa7+ 60. Kxa7 b3 0-1

[Event "GER Cup Net V3 U2000"]
[Site "Playchess.com INT"]
[Date "2020.05.27"]
[Round "4"]
[White "Roeder, Phillipp"]
[Black "Lang, Alexander"]
[Result "0-1"]
[WhiteElo "1722"]
[BlackElo "1900"]
[PlyCount "88"]
[EventDate "2020.05.27"]
[EventType "swiss (blitz)"]
[EventRounds "9"]
[EventCountry "GER"]
[SourceTitle "EXT 2021"]
[Source "ChessBase"]
[SourceDate "2020.10.23"]
[SourceVersion "1"]
[SourceVersionDate "2020.10.23"]
[SourceQuality "1"]

1. Nc3 d5 2. e4 c6 3. Qf3 Nf6 4. e5 Nfd7 5. Qg3 e6 6. f4 c5 7. Nf3 a6 8. a4 b6 9. Be2 Bb7 10. 0-0 Nc6 11. d3 Qc7 12. Ng5 Nd8 13. Bd2 h6 14. Nh3 Nc6 15. Nf2 Nd4 16. Bd1 0-0-0 17. Ne2 Nf5 18. Qh3 g6 19. g4 Ng7 20. b4 c4 21. Be3 Bxb4 22. Rb1 Bc5 23. dxc4 dxc4 24. Nc3 h5 25. g5 Nf5 26. Bxc5 Qxc5 27. Bf3 Nb8 28. Bxb7+ Kxb7 29. Qf3+ Qc6 30. Nfe4 Rd4 31. Rfd1 Rhd8 32. Kf2 Nh4 33. Qe2 Nf5 34. a5 b5 35. Rd2 Rxd2 36. Nxd2 Nd4 37. Qd1 Nf5 38. Qe2 Qc5+ 39. Kf1 Ne3+ 40. Ke1 Nxc2+ 41. Kd1 Qg1+ 42. Qf1 Qxf1+ 43. Kxc2 Qd3+ 44. Kc1 Qxd2# 0-1

[Event "GER Cup Net V2 U2000"]
[Site "Playchess.com INT"]
[Date "2020.05.22"]
[Round "8"]
[White "Roeder, Phillipp"]
[Black "Schliedermann, Mario"]
[Result "1-0"]
[WhiteElo "1676"]
[BlackElo "1571"]
[PlyCount "157"]
[EventDate "2020.05.22"]
[EventType "swiss (blitz)"]
[EventRounds "9"]
[EventCountry "GER"]
[SourceTitle "EXT 2021"]
[Source "ChessBase"]
[SourceDate "2020.10.23"]
[SourceVersion "1"]
[SourceVersionDate "2020.10.23"]
[SourceQuality "1"]

1. Nc3 d6 2. e4 e5 3. Bc4 Nf6 4. d3 Be7 5. Nf3 0-0 6. 0-0 c6 7. Be3 a5 8. a4 Nbd7 9. d4 Nb6 10. Bb3 exd4 11. Nxd4 c5 12. Ndb5 Be6 13. Bxe6 fxe6 14. Bf4 e5 15. Bg5 h6 16. Bxf6 Rxf6 17. Nd5 Nxd5 18. Qxd5+ Kh8 19. Qxb7 Rc8 20. Rad1 Rb8 21. Qc6 Qb6 22. Qxb6 Rxb6 23. Rd3 Rb8 24. Rfd1 Rd8 25. Na7 Rdf8 26. f3 Bd8 27. Rb3 R6f7 28. Nc6 Bg5 29. Rxd6 c4 30. Rb5 Be3+ 31. Kf1 g5 32. Nxe5 Rf6 33. Ng6+ Kg7 34. Nxf8 Rxd6 35. Rb8 Bf4 36. g3 Be5 37. Re8 Bxb2 38. Ne6+ Kf7 39. Nc7 Rd7 40. Rc8 Rd2 41. Nd5 Rxc2 42. Rc7+ Ke6 43. Rc6+ Kd7 44. Rxh6 Rc1+ 45. Ke2 Rc2+ 46. Ke3 Be5 47. f4 Bb2 48. fxg5 Bc1+ 49. Kf3 Bxg5 50. Ra6 Rd2 51. Rxa5 Rd3+ 52. Kg4 Be7 53. Ra7+ Kd6 54. Rxe7 c3 55. Rc7 Rxd5 56. Rxc3 Ra5 57. Ra3 Ke5 58. Kf3 Kf6 59. h4 Ke5 60. g4 Kf6 61. h5 Kg5 62. Kg3 Re5 63. a5 Rxe4 64. a6 Re8 65. a7 Ra8 66. Kf3 Kf6 67. Kf4 Kg7 68. g5 Kh7 69. Kf5 Kg7 70. h6+ Kh7 71. Kg4 Kg6 72. Ra6+ Kh7 73. Kh5 Kh8 74. g6 Kg8 75. h7+ Kg7 76. Kg5 Kh8 77. Rb6 Kg7 78. Rb7+ Kh8 79. Rb8+ 1-0

[Event "GER Cup Net V1 U2000"]
[Site "Playchess.com INT"]
[Date "2020.05.19"]
[Round "7"]
[White "Hein, Ralf1111"]
[Black "Roeder, Phillipp"]
[Result "0-1"]
[WhiteElo "1609"]
[BlackElo "1740"]
[PlyCount "90"]
[EventDate "2020.05.19"]
[EventType "swiss (blitz)"]
[EventRounds "9"]
[EventCountry "GER"]
[SourceTitle "EXT 2021"]
[Source "ChessBase"]
[SourceDate "2020.10.23"]
[SourceVersion "1"]
[SourceVersionDate "2020.10.23"]
[SourceQuality "1"]

1. c4 c6 2. Nc3 d5 3. d4 Nf6 4. Nf3 g6 5. e3 Bg7 6. c5 0-0 7. Be2 b6 8. cxb6 axb6 9. 0-0 c5 10. Ne5 Ba6 11. Bxa6 Nxa6 12. Qe2 Qc7 13. a3 Nd7 14. Nb5 Qb7 15. f4 c4 16. Bd2 Nf6 17. Bc3 Nc7 18. Nxc7 Qxc7 19. Bb4 Ne4 20. Rac1 Qb7 21. f5 g5 22. Qh5 Qc7 23. f6 Bxf6 24. Rxf6 Nxf6 25. Qxg5+ Kh8 26. Rf1 Ne4 27. Qh5 f6 28. Nf7+ Kg7 29. Nh6 Qd7 30. Nf5+ Kh8 31. Bxe7 Rg8 32. Bxf6+ Nxf6 33. Qh3 Rg5 34. Nh6 Qxh3 35. Rf2 Rg6 36. Nf5 Qg4 37. Ng3 Qd1+ 38. Rf1 Qd2 39. Rf2 Ne4 40. Rxd2 Nxd2 41. Nf5 Re8 42. Kf2 Rf6 43. g4 Rxf5+ 44. gxf5 Rf8 45. Ke2 Ne4 0-1

[Event "GER Cup Net V1 U2000"]
[Site "Playchess.com INT"]
[Date "2020.05.19"]
[Round "5"]
[White "Roeder, Phillipp"]
[Black "Wagner, Rainer"]
[Result "0-1"]
[WhiteElo "1763"]
[BlackElo "1868"]
[PlyCount "34"]
[EventDate "2020.05.19"]
[EventType "swiss (blitz)"]
[EventRounds "9"]
[EventCountry "GER"]
[SourceTitle "EXT 2021"]
[Source "ChessBase"]
[SourceDate "2020.10.23"]
[SourceVersion "1"]
[SourceVersionDate "2020.10.23"]
[SourceQuality "1"]

1. Nc3 d5 2. e4 dxe4 3. Nxe4 c6 4. Nf3 Bf5 5. Ng3 Bg6 6. h4 h6 7. Ne5 Bh7 8. Qf3 Nf6 9. Qb3 e6 10. Qxb7 Nbd7 11. Nxc6 Qc8 12. Qxc8+ Rxc8 13. Nxa7 Rxc2 14. Bd3 Bxd3 15. b3 Bc5 16. Nc8 Bd4 17. Rb1 Rxc8 0-1